[Event "Oberpfalz-ch M3"]
[Site "Bad Koetzting"]
[Date "2018.03.27"]
[Round "8"]
[White "Limmer, Ewald"]
[Black "Muehlberger, Ottmar"]
[Result "0-1"]
[WhiteElo "1492"]
[BlackElo "1231"]
[PlyCount "94"]
[EventDate "2018.03.24"]
[EventType "swiss"]
[EventRounds "8"]
[EventCountry "GER"]
[SourceTitle "EXT 2020"]
[Source "ChessBase"]
[SourceDate "2019.10.17"]
[SourceVersion "1"]
[SourceVersionDate "2019.10.17"]
[SourceQuality "1"]

1. e4 e6 2. d4 d6 3. Nf3 h6 4. h3 Nf6 5. Bd3 Be7 6. b3 c6 7. Bb2 0-0 8. 0-0 Nbd7 9. c4 c5 10. Bc2 cxd4 11. Bxd4 e5 12. Bb2 b6 13. Nbd2 Re8 14. Re1 Nf8 15. Bc1 N6h7 16. Kf1 Ng6 17. Nb1 Bg5 18. Nxg5 hxg5 19. Qh5 a5 20. Nc3 Ba6 21. Bd3 Rc8 22. Bd2 Nf4 23. Bxf4 gxf4 24. Rad1 Re6 25. Nb5 Rh6 26. Qe2 Qf6 27. Qg4 Rf8 28. f3 Bc8 29. Qxc8 Rxc8 30. Rd2 Qe7 31. Bc2 Ng5 32. Red1 Rc6 33. Ke2 Nh7 34. a4 Qg5 35. Kd3 Qe7 36. Nc3 Nf6 37. Ke2 Rg6 38. Rg1 Qa7 39. Nb5 Qe7 40. Nc3 Nh5 41. Kd1 Qg5 42. Nd5 Kf8 43. Kc1 Qg3 44. Rh1 Nf6 45. Nc3 Rh6 46. Bd1 g5 47. Re1 Qxe1 0-1

[Event "Oberpfalz-ch M3"]
[Site "Bad Koetzting"]
[Date "2018.03.26"]
[Round "5"]
[White "Gleis, Wolfgang"]
[Black "Limmer, Ewald"]
[Result "1/2-1/2"]
[WhiteElo "1590"]
[BlackElo "1492"]
[PlyCount "22"]
[EventDate "2018.03.24"]
[EventType "swiss"]
[EventRounds "8"]
[EventCountry "GER"]
[SourceTitle "EXT 2020"]
[Source "ChessBase"]
[SourceDate "2019.10.17"]
[SourceVersion "1"]
[SourceVersionDate "2019.10.17"]
[SourceQuality "1"]

1. d4 d5 2. Nf3 Nc6 3. Bf4 Bf5 4. e3 e6 5. a3 a6 6. c4 h6 7. Nc3 Nf6 8. h3 dxc4 9. Bxc4 Bd6 10. Bxd6 Qxd6 11. Bd3 Bxd3 1/2-1/2

[Event "Oberpfalz-ch M3"]
[Site "Windischeschenbach"]
[Date "2017.04.10"]
[Round "5"]
[White "Usik, Maxim"]
[Black "Limmer, Ewald"]
[Result "1/2-1/2"]
[WhiteElo "1062"]
[BlackElo "1469"]
[PlyCount "26"]
[EventDate "2017.04.08"]
[EventType "swiss"]
[EventRounds "8"]
[EventCountry "GER"]
[SourceTitle "EXT 2020"]
[Source "ChessBase"]
[SourceDate "2019.10.17"]
[SourceVersion "1"]
[SourceVersionDate "2019.10.17"]
[SourceQuality "1"]

1. e4 e5 2. Nf3 d6 3. Nc3 Nf6 4. Bc4 h6 5. d3 Be7 6. h3 a6 7. 0-0 Nc6 8. Be3 Na5 9. Bb3 Nxb3 10. axb3 Bd7 11. Re1 c5 12. Nd2 Qc7 13. Qf3 Bc6 1/2-1/2

[Event "Oberpfalz-ch M2"]
[Site "Schwandorf"]
[Date "2015.03.31"]
[Round "7"]
[White "Limmer, Ewald"]
[Black "Blanter, Sofya"]
[Result "0-1"]
[WhiteElo "1579"]
[BlackElo "1756"]
[PlyCount "94"]
[EventDate "2015.03.28"]
[EventType "swiss"]
[EventRounds "8"]
[EventCountry "GER"]
[SourceTitle "EXT 2022"]
[Source "ChessBase"]
[SourceDate "2021.10.06"]
[SourceVersion "1"]
[SourceVersionDate "2021.10.06"]
[SourceQuality "1"]

1. e4 c6 2. Nf3 d5 3. exd5 cxd5 4. d4 Nf6 5. Be2 Nc6 6. 0-0 Bg4 7. h3 Bxf3 8. Bxf3 e6 9. c3 Be7 10. Bf4 0-0 11. Nd2 Rc8 12. Rb1 b5 13. a3 a5 14. Nb3 Nd7 15. Qd3 b4 16. axb4 axb4 17. Bd2 Qb6 18. Rfc1 Rfd8 19. Bd1 Bd6 20. Bc2 g6 21. h4 Re8 22. Qh3 Nf6 23. Bd1 Ne4 24. Be1 Rc7 25. Nd2 Nf6 26. Qf3 Kg7 27. g4 Rec8 28. Nb3 e5 29. g5 Ne4 30. Bc2 Nxd4 31. Nxd4 exd4 32. Bxe4 dxe4 33. Qxe4 Qa7 34. Ra1 Qb6 35. Qf3 Be5 36. Qe4 Qe6 37. Qd3 bxc3 38. bxc3 dxc3 39. Rc2 Qg4+ 40. Kf1 Qxh4 41. Ra3 Qh1+ 42. Ke2 Re7 43. Qe3 Bd6 44. Bxc3+ Kg8 45. Qxe7 Bxe7 46. Ra5 Rd8 47. Bf6 Qe4+ 0-1

[Event "Oberpfalz-ch M2"]
[Site "Schwandorf"]
[Date "2015.03.28"]
[Round "1"]
[White "Limmer, Ewald"]
[Black "Braun, Dieter"]
[Result "1-0"]
[WhiteElo "1579"]
[BlackElo "1706"]
[PlyCount "145"]
[EventDate "2015.03.28"]
[EventType "swiss"]
[EventRounds "8"]
[EventCountry "GER"]
[SourceTitle "EXT 2022"]
[Source "ChessBase"]
[SourceDate "2021.10.06"]
[SourceVersion "1"]
[SourceVersionDate "2021.10.06"]
[SourceQuality "1"]

1. e4 d6 2. Nf3 Nf6 3. Nc3 g6 4. Be2 Bg7 5. 0-0 c5 6. d4 cxd4 7. Nxd4 Nc6 8. Be3 0-0 9. a3 a6 10. Rb1 e6 11. Qd2 Qc7 12. h3 Nxd4 13. Bxd4 b5 14. Qe3 Bb7 15. f4 Rac8 16. Bf3 Nd7 17. Bxg7 Kxg7 18. Rbd1 Nb6 19. Be2 Rfd8 20. Rd2 d5 21. exd5 Bxd5 22. Rfd1 Bc4 23. Bf3 Rxd2 24. Rxd2 Rd8 25. Ne4 Rxd2 26. Nxd2 Bd5 27. Bd1 Qc6 28. Qf2 Na4 29. Nb1 Kg8 30. c3 Nc5 31. Be2 Ne4 32. Qe3 Nd6 33. Qf2 Nc4 34. Bxc4 Qxc4 35. Nd2 Qd3 36. Nf1 Bc4 37. Ne3 Qb1+ 38. Kh2 Bd3 39. Qd2 Kg7 40. Qf2 h6 41. Ng4 Qf1 42. Qd4+ Kf8 43. Qd8+ Kg7 44. Qf6+ Kf8 45. Nxh6 Ke8 46. Qxf7+ Kd8 47. Qf6+ Kc7 48. Qe5+ Kb7 49. Ng4 Bf5 50. Qe3 Qd1 51. Qf3+ Qxf3 52. gxf3 Kb6 53. Ne3 Bd3 54. b4 a5 55. Kg3 axb4 56. axb4 Kc6 57. Kf2 Kd6 58. Ng4 Kd5 59. Ne5 Bf5 60. h4 Bc2 61. Ke3 Bf5 62. Kd2 Bb1 63. Ng4 Kc4 64. Ne3+ Kb3 65. Ng4 Bf5 66. Ne5 Bb1 67. Nd7 Bf5 68. Nc5+ Kb2 69. Nb7 Bh3 70. Nd6 Bf1 71. Ne4 Kb3 72. Ke3 Kc4 73. Nd2+ 1-0